El Bordo : (Record no. 141)

000 -CABECERA
fixed length control field 00749nam a22002297a 4500
003 - IDENTIFICADOR DEL NÚMERO DE CONTROL
control field AR-CdUCM
008 - DATOS DE LONGITUD FIJA--INFORMACIÓN GENERAL
fixed length control field 190221b ||||| |||| 00| 0 spa d
020 ## - NÚMERO INTERNACIONAL ESTÁNDAR DEL LIBRO
ISBN 9681616510
040 ## - FUENTE DE LA CATALOGACIÓN
Agencia/entidad que catalogó originalmente la obra MUNICIPALIDAD PROVINCIAL DEL CUSCO
Entidad que transcribió la catalogación BIBLIOTECA MUNICIPAL DEL CUSCO
082 ## - NÚMERO DE LA CLASIFICACIÓN DECIMAL DEWEY
No. de Clasificación 869.15 /
Notacion interna G158
100 ## - ENTRADA PRINCIPAL--NOMBRE DE PERSONA
Nombre Personal Galindo, Sergio
245 ## - MENCIÓN DE TÍTULO
Título El Bordo :
260 ## - PUBLICACIÓN, DISTRIBUCIÓN, ETC.
Lugar de publicación, distribución, etc. Mexico :
Nombre de la editorial, distribuidor, etc. Fondo de Cultura Económica,
Fecha de publicación, distribución, etc. 1960.
300 ## - DESCRIPCIÓN FÍSICA
Nº de Páginas Extensión 210 paginas
Dimensiones 17 cm
505 ## - NOTA DE CONTENIDO CON FORMATO
Nota de contenido formateada La muerte de Artemio Cruz -- Los antiguos Mexicanos -- Libertad bajo palabra -- La ruta de Hernan Cortés -- La suave Patria...
650 ## - PUNTO DE ACCESO ADICIONAL DE MATERIA--TÉRMINO DE MATERIA
Descriptor Montañas
9 (RLIN) 629
650 ## - PUNTO DE ACCESO ADICIONAL DE MATERIA--TÉRMINO DE MATERIA
Descriptor Jardines
9 (RLIN) 672
650 ## - PUNTO DE ACCESO ADICIONAL DE MATERIA--TÉRMINO DE MATERIA
Descriptor Bosque
9 (RLIN) 673
650 ## - PUNTO DE ACCESO ADICIONAL DE MATERIA--TÉRMINO DE MATERIA
Descriptor Azteca
9 (RLIN) 674
942 ## - ELEMENTOS DE PUNTO DE ACCESO ADICIONAL (KOHA)
Fuente de clasificación
Tipo de item Libros-BMC
945 ## - PROCESAMIENTO DE INFORMACIÓN LOCAL (OCLC)
Catalogador wsnt
AAAA-MM-DD - Fecha de ingreso o modificacion 2019-02-21
Holdings
Estado de retiro (separado) Fuente de clasificación o esquema de estanterías Estado dañado Ubicación Sala donde se ubica Nombre de la colección Fecha de adquisición o compra Costo, precio normal en soles Signatura topográfica Código de Barras Última vez visto (Koha) Tipo de ítem (Koha)
No     Sala Humanidades Sala Humanidades Book Cart 2019-02-21 20.00 869.15 / G158 SH0000000169 2019-02-21 Libros-BMC
No     Sala Humanidades Sala Humanidades Book Cart 2019-02-21 20.00 869.15 / G158 /e.2 SH0000002562 2019-03-04 Libros-BMC

Powered by Koha